| 000 | 00481nam a2200181Ia 4500 | ||
|---|---|---|---|
| 005 | 20250508151754.0 | ||
| 008 | 008 250505s9999 xx 000 0 hin d | ||
| 037 | _aTextual | ||
| 040 |
_aFEDL _beng _cFEDL |
||
| 041 |
_ahin _2eng |
||
| 084 |
_a491.435, KAM _qFEDL |
||
| 100 | _aKamta Prasad | ||
| 245 | 0 | _aSankshipt Hindi vyakaran | |
| 260 |
_aKashi, India _bPracharini Sabha |
||
| 300 | _a243p | ||
| 942 |
_cTEXL _h491.435, KAM |
||
| 999 |
_c1332060 _d1332060 |
||